| 000 | 00480pab a2200181 454500 | ||
|---|---|---|---|
| 008 | 180718b2005 xxu||||| |||| 00| 0 eng d | ||
| 100 | _aPhadke, V.S. | ||
| 245 | _aUrbanisation and development scenario of Maharashtra: a spatio-temporal model | ||
| 260 | _c2005 | ||
| 300 | _ap.29-50. | ||
| 362 | _aJul-Dec | ||
| 650 | _aUrbanization - India - Maharashtra | ||
| 650 | _aUrbanization | ||
| 700 | _aMukherji, Dipti | ||
| 773 | _aUrban India | ||
| 908 | _aN | ||
| 909 | _a75475 | ||
| 999 |
_c75475 _d75475 |
||